000 00732nam a2200181Ia 4500
008 100920s9999 xx 000 0 und d
082 _b64102
_a61 थ 58
100 _a---
245 _aग्रामसहाय्यक क्षक्षणि शिबीर.
260 _bगव्हन्मेंट सेंट्रल प्रेस, मुंबई.
_c1958
300 _a7
_bसाधी
365 _b0
520 _aस्थानिक वाचन.
630 _aग्रामसहाय्यक क्षक्षणि शिबीर.
650 _aस्थानिक वाचन.
730 _aग्रामसहाय्यक क्षक्षणि शिबीर.
942 _cBOOK
999 _c707178
_d707175